000 00826nam0a22002531 4500
001 rc\608170
005 20250621182240.0
035 _a(NLR Aleph) 005852124
090 _a5789757
_c5789757
100 _a20031121d1986 |||y0rusy50 ca
101 0 _arus
102 _aRU
105 _aa |||||||||
200 1 _aВозможности и перспективы электроразрядного СО-лазера
_e(Обзор)
210 _aМ.
_cФИАН
_d1986
215 _a31 с.
_cил.
_d20
225 1 _aПрепринт
_fАН СССР, Физ. ин-т им. П.Н. Лебедева
_v340
320 _aБиблиогр.: с. 28-31
700 1 _aЛоткова
_bЭ.Н.
_gЭмма Николаевна
801 0 _aRU
_bNLR
_gpsbo
801 1 _aRU
_bELAR
_2rusmarc
852 _aNLR
_j87-4/22129
942 _cBOOK
980 _aNB